000 00666nam a2200265Ia 4500
003 OSt
005 20221007105910.0
006 a|||||r|||| 00| 0
007 ta
008 221006b |||||||| |||| 00| 0 eng d
024 _a19,836
037 _cTextual
040 _aLCO
_cLCO
_beng
041 _2eng
_aeng
082 _aZ2,181, L9
100 _aGhosh A
245 0 _aCompany Notices, Meetings and Resolutions
250 _a1st
260 _aCalcutta
_bKamal Law House India
_c1979
300 _aVarious
490 _vVol. 1 & 22
650 _aCOMPANY
942 _hZ2,181, L9
_cTEXL
999 _c1189399
_d1189399